| 000 | 00899nam a22002655a 4500 | ||
|---|---|---|---|
| 001 | 16765254 | ||
| 005 | 20201128020939.0 | ||
| 008 | 110506s2012 enka frb 001 0 eng d | ||
| 020 | _a9780273736905 (pbk.) | ||
| 040 |
_aEG-ScBUE _beng _cEG-ScBUE |
||
| 043 | _ae-uk--- | ||
| 082 | 0 | 4 |
_a330.941 _bAPP _222 |
| 245 | 0 | 0 |
_aApplied economics / _cedited by Alan Griffiths and Stuart Wall. |
| 250 | _a12th ed. | ||
| 260 |
_aHarlow : _bPearson Education Limited, _c2012. |
||
| 300 |
_axxxii, 696 p. : _bill. (col.) ; _c25 cm. |
||
| 500 | _aIndex : p. 677-696. | ||
| 504 | _aIncludes bibliographical references. | ||
| 650 | 7 |
_aEconomics. _2BUEsh _9720 |
|
| 651 | 0 |
_aGreat Britain _xEconomic conditions _y20th century. _2BUEsh _934918 |
|
| 653 |
_bBUSECO _cAugust2015 _cFebruary2016 |
||
| 700 | 1 |
_aGriffiths, Alan, _d1944- _eeditor. _932588 |
|
| 700 | 1 |
_aWall, Stuart, _d1946- _eeditor. _932589 |
|
| 942 | _2ddc | ||
| 999 |
_c17289 _d17261 |
||